000 01394nam0a22003011 4500
001 rc\4297890
005 20260406195850.0
021 _aRU
_b[60-35248]
035 _a(NLR Aleph) 008499935
090 _a8102598
_c8102598
100 _a20130416d1960 |||y0rusy50 ca
101 0 _arus
102 _aRU
105 _ay z |||||
200 1 _aВ детских учреждениях Магаданской области
_e(Из опыта воспитательной работы)
_e[Сборник]
_fМагаданский обл. отд. нар. образования. Обл. ин-т усовершенствования учителей
210 _aМагадан
_cКн. изд-во
_d1960
215 _a152 с.
_d20
300 _aНа обороте тит. л. сост.: А.Ф. Третьякова
606 _aДошкольное воспитание
_jСборники
_2psbo
606 _aДетские сады
_xМетодика работы
_jСборники
_2psbo
606 _aЯсли
_xМетодика работы
_jСборники
_2psbo
702 1 _aТретьякова
_bА.Ф.
_4220
712 0 2 _aМагаданский областной институт усовершенствования учителей
_3RU\NLR\AUTH\889959289
_9414738
801 0 _aRU
_bNLR
_gpsbo
801 1 _aRU
_bELAR
_2rusmarc
852 _aNLR
_j60-3/2446
942 _cBOOK
980 _aNB